00534nam a2200181Ia 450000500170000000800410001702000260005804000190008404100120010308200130011524500570012825000460018530000150023150400500024665000170029670000280031385000110034120231118121315.0140110s9999 xx 000 0 und d a9788178298849cRs 420 aLoreto College aEnglish a323bSIN aHuman Rights and PeacecEdited by Ujjwal Kumar Singh a Ideas, laws, Institutions and movements  axvii,345p  aIncludes bibliographical references and index aHuman Rights aSingh, Ujjwal Kumar, ed aLCLIB